When simple solutions won's do (Record no. 69196)

MARC details
000 -LEADER
fixed length control field 01154cam a2200241 4500
001 - CONTROL NUMBER
control field ABS64924
008 - FIXED-LENGTH DATA ELEMENTS--GENERAL INFORMATION
fixed length control field 020107n2002 000 0 eng u
035 ## - SYSTEM CONTROL NUMBER
System control number (Sirsi) u116164
100 ## - MAIN ENTRY--PERSONAL NAME
Personal name Hawkey, E.
245 ## - TITLE STATEMENT
Title When simple solutions won's do
260 ## - PUBLICATION, DISTRIBUTION, ETC.
Date of publication, distribution, etc. 2002
490 ## - SERIES STATEMENT
Series statement Roof
Volume/sequential designation 27(1) January-February 2002
520 ## - SUMMARY, ETC.
Summary, etc. Examines the problem of 'neighbourhood nuisance' amid the problems of its classification and differences in how different incidents were classified. Notes eviction orders to social landlords are rising but this is mainly concerned with rent arrears rather than tenant behaviour. Explains a new strategy developed by the Joseph Rowntree Foundation and the Chartered Institute of Housing which gives a helpful framework where clear guidance to landlords is given when dealing with anti-social behaviour.
590 ## - LOCAL NOTE (RLIN)
Local note ABS
650 ## - SUBJECT ADDED ENTRY--TOPICAL TERM
Topical term or geographic name entry element ANTI-SOCIAL BEHAVIOUR
650 ## - SUBJECT ADDED ENTRY--TOPICAL TERM
Topical term or geographic name entry element LANDLORDS
650 ## - SUBJECT ADDED ENTRY--TOPICAL TERM
Topical term or geographic name entry element JOSEPH ROWNTREE FOUNDATION
650 ## - SUBJECT ADDED ENTRY--TOPICAL TERM
Topical term or geographic name entry element CIH
650 ## - SUBJECT ADDED ENTRY--TOPICAL TERM
Topical term or geographic name entry element ANTI-SOCIAL TENANTS
650 ## - SUBJECT ADDED ENTRY--TOPICAL TERM
Topical term or geographic name entry element RENT ARREARS
690 ## - LOCAL SUBJECT ADDED ENTRY--TOPICAL TERM (OCLC, RLIN)
Topical term or geographic name as entry element PROPERTY-RESIDENTIAL PROPERTY-RESIDENTIAL LANDLORD AND TENANT-RESIDENTIAL TENANCIES
942 ## - ADDED ENTRY ELEMENTS (KOHA)
Suppress in OPAC 0
Holdings
Withdrawn status Lost status Source of classification or shelving scheme Damaged status Not for loan Home library Current library Shelving location Date acquired Total Checkouts Full call number Barcode Date last seen Copy number Price effective from Koha item type
    Dewey Decimal Classification     London London Journal article 07/01/2002   ABS64924 116164-1001 06/08/2019 1 06/08/2019 Journal article